| 000 | 01319nam0a22002771 4500 | ||
|---|---|---|---|
| 001 | rc\4904482 | ||
| 005 | 20130426153436.4 | ||
| 021 |
_aRU _bП 261-65 |
||
| 035 | _a(NLR Aleph) 008835045 | ||
| 090 |
_a8306845 _c8306845 |
||
| 100 | _a20130426d1965 |||y0rusy50 ca | ||
| 101 | 0 | _arus | |
| 102 | _aRU | ||
| 105 | _ay z ||||| | ||
| 200 | 1 | _aРабота опытно-исследовательской коксохимической станции в Мариено (Франция) в 1962 г. | |
| 210 |
_aМосква _cБ. и. _d1965 |
||
| 215 |
_a14 с. _cграф. _d26 |
||
| 225 | 1 |
_aГосударственный комитет по черной и цветной металлургии при Госплане СССР. Центральный научно-исследовательский институт информации и технико-экономических исследований черной металлургии. Информация _hСерия 9 _iКоксохимическое производство _v№ 1 |
|
| 300 | _aНа обл. авт. не указан | ||
| 300 | _aОтпеч. множит. аппаратом | ||
| 700 | 1 |
_aУхмылова _bГ. С. |
|
| 801 | 0 |
_aRU _bNLR _gpsbo |
|
| 801 | 1 |
_aRU _bELAR _2rusmarc |
|
| 852 |
_aNLR _jП11/1964 |
||
| 942 | _cBOOK | ||
| 980 | _aNB | ||